| 000 | 00994nam a22001937a 4500 | ||
|---|---|---|---|
| 003 | AM-YeHGA | ||
| 005 | 20250617154105.0 | ||
| 008 | 180516s xxu||||| |||| 00| 0 rus d | ||
| 040 | _aAM-YeHGA | ||
| 041 | 0 | _arus | |
| 100 | 1 | _aАмелин, Степан Васильевич | |
| 245 | 1 | 0 |
_aРасчет разбивки и укладки соединений и пересечений рельсовых путей : _bПособие для студентов / _cС.В. Амелин; Ленингр. ин-т инженеров ж.-д. транспорта им. акад. В.Н. Образцова. |
| 260 |
_aЛенинград : _bБ. и., _c1953 - |
||
| 300 | _aчасть | ||
| 505 | 1 | 0 |
_gЧ. 1 (1953, 94 с.) _tОдиночные стрелочные переводы |
| 710 | 2 | _aЛенинградский институт инженеров железнодорожного транспорта им. акад. В.Н. Образцова | |
| 942 |
_2udc _cBK |
||
| 090 | _c406820 | ||
| 999 |
_c404579 _d404579 |
||